000 01640nam a22002057a 4500
003 MN-UlNLM
005 20241015115023.0
008 240920s2020 mp ||||| |||| 00| 0 mon d
020 _a9789919204341
040 _bmon
084 _2NNA
_a84(5Мон)
_bЭ 66
_q84
100 1 _aЭнхбаяр Ш.
245 1 _aЭнхэр бага нас
_bЭцэг эхчүүдэд зөвлөгөө
_cЭрхэл. Ц.Бадамхорол
_cХян. Ч.Пүрэвдорж
260 1 _aУБ
_bЖиком пресс
_c2020
300 _a68х
_eЗур
505 _tЭцэг эхчүүд анхаарна уу --
_tХүүхэдтэйгээ сайн ярилцаж бай --
_tХүүхдийнхээ сайн талыг олж нээ! --
_tИтгэлийг хөгжүүлэх хүчин зүйл --
_tХүүхдэд саад болдог гол юм --
_tӨөртөө итгэх итгэл --
_tХүүхдийн авьяасыг хөгжүүлэх нь --
_tБүхнийг хянах гэж бүү оролд! --
_tХүүхдийг хариуцлагатай болгох нь --
_tХүүхдийн зоригийг нь хөгжүүл --
_tУран бүтээлийн дээжис --
_tМөрөөдөл --
_tХүнсчин --
_tХэн түрүүлсэн бэ? --
_tМөөг --
_tБөөрөнхий --
_tНогоон гэрэл --
_tОроо янзага --
_tБөмбөг --
_tБи --
_tМэддэгт мэргэн цоохор --
_tХөөрөн тав --
_tОдонд очно би --
_tЗээрд даага --
_tӨөлөн ээжийн бүүвэй --
_tЭр цэрэг --
_tАавын мөнгөн аяга --
546 _amon
650 _aУран зохиол
942 _cBK
999 _c1145193
_d1145250